|
|
|
|
| LEADER |
01739nam a2200481 a 4500 |
| 001 |
nkc20061648339 |
| 003 |
CZ PrNK |
| 005 |
20250407075908.0 |
| 007 |
ta |
| 008 |
060511s2006 xr abf e f 001 0 cze |
| 015 |
|
|
|a cnb001648339
|
| 020 |
|
|
|a 80-7217-394-4
|q (brož.)
|
| 035 |
|
|
|a (OCoLC)85720173
|
| 040 |
|
|
|a ABA001
|b cze
|d OLA001
|
| 041 |
1 |
|
|a cze
|h eng
|
| 043 |
|
|
|a e-ic---
|
| 072 |
|
7 |
|a 913(4)
|x Geografie Evropy, reálie, cestování
|2 Konspekt
|9 7
|
| 080 |
|
|
|a 913(491.1)
|2 MRF
|
| 080 |
|
|
|a (491.1)
|2 MRF
|
| 080 |
|
|
|a (292.411)
|2 MRF
|
| 080 |
|
|
|a (036)913
|2 MRF
|
| 100 |
1 |
|
|a Leffman, David
|7 mzk2004246491
|4 aut
|
| 245 |
1 |
0 |
|a Island :
|b turistický průvodce /
|c David Leffman & James Proctor ; s fotografiemi Jaroslava Lunera & Marcela Nekvindy ; [z anglického originálu ... přeložila Dana Gardavská]
|
| 246 |
3 |
0 |
|a Turistický průvodce - Island
|
| 250 |
|
|
|a Vyd. 1.
|
| 260 |
|
|
|a Brno :
|b Jota,
|c 2006
|
| 300 |
|
|
|a 359 s., [16] s. barev. obr. příl. :
|b il., mapy ;
|c 20 cm +
|e 1 DVD
|
| 490 |
1 |
|
|a Livingstone - průvodci ;
|v sv. 67
|
| 500 |
|
|
|a Obsahuje rejstřík
|
| 651 |
|
7 |
|a Island
|7 ge129393
|x reálie
|2 czenas
|
| 651 |
|
9 |
|a Iceland
|x description and travel
|2 eczenas
|
| 655 |
|
7 |
|a turistické průvodce
|7 fd133738
|2 czenas
|
| 655 |
|
9 |
|a tourist guidebooks
|2 eczenas
|
| 700 |
1 |
|
|a Proctor, James
|7 xx0019502
|4 aut
|
| 700 |
1 |
|
|a Luner, Jaroslav
|7 xx0036366
|4 pht
|
| 700 |
1 |
|
|a Nekvinda, Marcel,
|d 1965-
|7 xx0043026
|4 pht
|
| 765 |
0 |
|
|t Rough guide to Island
|9 Česky
|
| 830 |
|
0 |
|a Livingstone - průvodci
|0 s
|
| 910 |
2 |
|
|a BOA001
|b 2-1170.417
|
| 990 |
|
|
|a BK
|
| 995 |
|
|
|a 01
|
| 991 |
|
|
|b 200606
|c NOV
|
| 996 |
6 |
|
|b 2610282991
|c 2-1170.417
|l MZK
|r Sklad / do 1 hodiny
|n 4
|p p.v.
|w 000819393
|u 000010
|a 1
|e BOA001
|j MZK50
|s P
|